AFC Ajax Squad 1971-1972 - Statistics

General Stats
  • This quiz has been taken 3 times
    2 since last reset
  • The average score is 12 of 23
Answer Stats
Position Nation Player % Correct
MF Netherlands Arie Haan
100%
MF Netherlands Johan Cruyff
100%
DF Netherlands Wim Suurbier
100%
MF Netherlands Arnold Mühren
50%
DF Netherlands Barry Hulshoff
50%
GK Netherlands Bob Hoogenboom
50%
FW Netherlands Dick van Dijk
50%
MF Netherlands Gerrie Kleton
50%
MF Netherlands Gerrie Mühren
50%
MF Austria Heinz Schilcher
50%
GK Netherlands Heinz Stuy
50%
DF Germany Horst Blankenburg
50%
MF Netherlands Johan Neeskens
50%
FW Netherlands Johnny Rep
50%
FW Netherlands Piet Keizer
50%
DF Netherlands Ruud Krol
50%
MF Netherlands Ruud Suurendonk
50%
GK Netherlands Sies Wever
50%
FW Netherlands Sjaak Swart
50%
Coach Romania Ștefan Kovács
50%
DF Netherlands Dirk Visser
0%
FW Netherlands George van Bockel
0%
FW Netherlands Gerard Schoonewille
0%
No matching quizzes found
Score Distribution
Percent of People with Each Score
Percentile by Number Answered
Your Score History
You have not taken this quiz since the last reset